000
00294nam a2200109Ia 4500
001
588645
005
20250717120835.0
008
250717s9999 xx 000 0 und d
245
0
_a
V-5 TUZ DEDEFTİFLERİ KAYIP DEDE
_c
FATMA ÇAĞDAŞ ÇÖREKÇİ
260
_b
ERDEM YAYINLARI
_c
2017
300
_b
78
999
_c
588645
_d
588645